00782cam a2200241 a 45000010008000000030004000080050017000120080041000290100017000700200027000870400013001140500023001270820014001501000028001642450085001922600044002773000033003215040066003546500029004206500046004496500029004957000016005243103118OSt20150408113723.0990506s1999 gw a b 001 0 eng  a 99023777  a3540658084 (hardcover) aDLCcDLC00aQA276b.B4255 199900a519.52211 aBerthold, M.q(Michael)10aIntelligent data analysis :ban introduction /cMichael Berthold, David J. Hand. aBerlin ;aNew York :bSpringer,cc1999. aix, 400 p. :bill. ;c24 cm. aIncludes bibliographical references (p. [375]-394) and index. 0aMathematical statistics. 0aMathematical statisticsxData processing. 0aArtificial intelligence.1 aHand, D. J.